000 00259nam a22001217a 4500
008 171102b xxu||||| |||| 00| 0 eng d
041 _aeng
080 _a339.9
100 _a59
101 _aGLO
245 _aGLOBAL GOVERNANCE
_cTHAKUR..R
942 _2udc
_cBK
999 _c37168
_d37168